00951nam a2200241Ia 4500003000400000005001700004008004100021020001800062040000700080041000800087082002100095100001700116245003400133260004300167300001600210365001100226520037600237650002000613650001900633651001900652651001900671700001900690OSt20230622103117.0210719s1977 xx 000 0 und d a9788125004226 cAL aeng a303.4 223bSRIS aM N Srinivas aSocial change in modern India aNew Delhi.bOrient Longman Ltd.,c1977 ax,196p.bHB b15cRs aThis volume is a compilation of a series of lectures delivered by the eminent social anthropologist M. N. Srinivas. These lectures have been widely acclaimed and have since been recommended or prescribed as a text for students of sociology, anthropology and Indian studies. The book remains the ‘classic of social anthropology’ as it was hailed, when first published. aSanskritization aWesternization aSecularization aCaste Mobility aSRINIVAS (M N)